Případy soudce Ti. Pomsta Bílého tygra /
Příběh vypráví o sérii podivných událostí, na jejímž počátku je smrt významného muže. Následují záhady, které se zdají být propojené s legendou o "Bílém tygrovi", symbolu pomsty.
Uloženo v:
| Série: | Nové případy soudce Ti,
část |
|---|---|
| Hlavní autor: | |
| Další autoři: | |
| Médium: | E-kniha |
| Jazyk: | Czech |
| Vydáno: |
V Praze :
Garamond,
2024
|
| Vydání: | Vydání první |
| Témata: | |
| Příbuzné jednotky: | Z cyklu::
Nové případy soudce Ti |
| Tagy: |
Žádné tagy |
| LEADER | 02580nam a2200505 i 4500 | ||
|---|---|---|---|
| 001 | 312664 | ||
| 003 | CZ PrSKC | ||
| 005 | 20260601215726.0 | ||
| 007 | ta | ||
| 008 | 250325s2024 xr g 000 f cze | ||
| 015 | |a cnb003677347 | ||
| 020 | |a 9788074076930 |q (brožováno) : |c Kč 349,00 | ||
| 035 | |a (OCoLC)1519101377 | ||
| 040 | |a ABG001 |b cze |e rda | ||
| 041 | 1 | |a cze |h fre | |
| 072 | 7 | |a 821.133.1-3 |x Francouzská próza, francouzsky psaná |2 Konspekt | |
| 080 | |a 821.133.1-31 |2 MRF | ||
| 080 | |a (0:82-312.4) |2 MRF | ||
| 080 | |a (0:82-311.6) |2 MRF | ||
| 100 | 1 | |a Lenormand, Frédéric, |d 1964- |7 mzk2006343198 |4 aut | |
| 240 | 1 | 0 | |a Vengeance du tigre blanc. |l Česky |
| 245 | 1 | 0 | |a Případy soudce Ti. |p Pomsta Bílého tygra / |c Frédéric Lenormand ; z francouzského originálu přeložila Vlasta Misařová |
| 246 | 3 | 0 | |a Pomsta Bílého tygra |
| 246 | 1 | 5 | |a Nový případ soudce Ti |
| 250 | |a Vydání první | ||
| 264 | 1 | |a V Praze : |b Garamond, |c 2024 | |
| 300 | |a 218 stran ; |c 19 cm | ||
| 336 | |a text |b txt |2 rdacontent | ||
| 337 | |a bez média |b n |2 rdamedia | ||
| 338 | |a svazek |b nc |2 rdacarrier | ||
| 520 | 2 | |a Příběh vypráví o sérii podivných událostí, na jejímž počátku je smrt významného muže. Následují záhady, které se zdají být propojené s legendou o "Bílém tygrovi", symbolu pomsty. |b Soudce Ti tentokrát zjistí, že smrt si nevybrala náhodnou oběť, naopak vražda byla součástí širšího plánu. Za pomoci věrných pobočníků a díky svým schopnostem v oblasti dedukce, logiky a čínské filozofie, se postupně dostává k odhalení spletitého spiknutí. Nakladatelská anotace. Kráceno. | |
| 655 | 7 | |a francouzské romány |7 fd132289 |2 czenas | |
| 655 | 7 | |a detektivní romány |7 fd132010 |2 czenas | |
| 655 | 7 | |a historické romány |7 fd132414 |2 czenas | |
| 655 | 9 | |a French fiction |2 eczenas | |
| 655 | 9 | |a detective novels |2 eczenas | |
| 655 | 9 | |a historical novels |2 eczenas | |
| 700 | 1 | |a Misařová, Vlasta, |d 1942- |7 jx20050720064 |4 trl | |
| 787 | 0 | 8 | |i Z cyklu: |t Nové případy soudce Ti |
| 900 | |a ABA001 |b 20 | ||
| 928 | 9 | |a Albatros Media - Garamond | |
| 044 | |a xr | ||
| 910 | |a RBIT002 | ||
| 998 | |d 417729 |a https://core.palmknihy.cz/api/books/417729/cover?ssvewe |b https://core.palmknihy.cz/api/books/417729/cover/400?ssvewe |c https://core.palmknihy.cz/api/books/417729/cover/50?ssvewe |e 2029-05-31 |g 224 |i 9788074076930 |j https://core.palmknihy.cz/api/books/417729/preview.epub |k https://core.palmknihy.cz/api/books/417729/preview.pdf |l |q 49 |r 1 |s https://www.palmknihy.cz/kniha/417729 |t ebook |y 2025 |z 0 | ||
| 999 | |d 312662 | ||